000 00305nam a22001097a 4500
008 230629b xxu||||| |||| 00| 0 eng d
082 _a338.91
_bGHO 2005
245 _aThe Design of IMF-Supported Programs
260 _aWashington Dc
_bInternational Monetary Fund
_c2005
300 _aVI,153p
942 _2ddc
_cBK
999 _c3007
_d3007